Student life

Bibliographic Details
Previous Title:Eurocampus
Other Authors: Hrnčárová, Katarína (Publishing director)
Format: Journal
Language:Slovak
PhysicalDescription:3 zv. 30 cm
Má Online vydanie: Student Life (Online)
Published: Bratislava Ecopress 2012-2014
ISSN:1338-8614
1338-7332
1338-7324
Subjects:

MARC

LEADER 00000cas a2200000 a 4500
001 vtls010452010
003 SK-MaSNL
005 20260228160345.0
008 120920d20122014xo br|p 0 b0slo
022 |a 1338-8614  |y 1338-7324 
040 |a SVKBB  |b slo  |c SVKBB  |d SNK  |e AACR2 
041 0 |a slo 
044 |a xo  |c SK 
072 7 |a 378  |x Vysoké školy  |2 konspekt 
072 7 |a 37.09  |x Organizácia výučby a vzdelávanie  |2 konspekt 
080 |a 378  |2 2001 
080 |a 070.48:37.091.212  |2 2001 
080 |a 050  |2 2001 
210 0 |a Student life  |b (Tlačené vyd.) 
222 0 |a Student life  |b (Tlačené vydanie) 
245 0 0 |a Student life 
246 1 3 |a Student HN life 
260 |a Bratislava  |b Ecopress  |c 2012-2014 
300 |a 3 zv.  |c 30 cm 
310 |a 6x ročne 
362 0 |a Roč. 3, č. 4 (2012)-č. 1 (2014) 
500 |a V niektorých číslach je chybne uvádzané ISSN 1338-7324, ktoré patrí predchádzajúcemu titulu: Eurocampus 
500 |a Časopis je distribuovaný zdarma študentom vysokých škôl v SR a patrí do portfólia produktov HN 
500 |a Šéfredaktor: Roč. 3 (2012)-roč. 5 (2014), Katarína Hrnčárová 
500 |a Evidenčné číslo: EV 4148/10 
500 |a Vychádza počas školského roka 
530 |a Má Online vydanie: Student Life (Online) 
650 0 7 |a študentské časopisy  |2 SNKPH  |9 29908 
650 0 7 |a vysoké školy  |2 SNKPH  |9 1277 
655 7 |a špecializované časopisy  |2 SNKPH  |9 70509 
700 1 |a Hrnčárová, Katarína  |4 pbd  |9 266480 
776 0 |t Student life (Online)  |x 1338-7332 
780 0 0 |t Eurocampus  |x 1338-7324 
852 |a Štátna vedecká knižnica v Banskej Bystrici 
910 |a snk 
958 |a OND 
999 |c 2247  |d 4177 
952 |0 0  |1 0  |4 0  |7 0  |8 0  |a SNK  |b SNK  |d 2017-02-15  |i snk2017/4302  |l 0  |o snkČSB 6330/3/2012  |p 17A1204654  |r 2026-02-21 20:13:58  |t č. 4-6  |w 2026-02-21  |y PREZ 
952 |0 0  |1 0  |4 0  |7 0  |8 0  |a SNK  |b SNK  |d 2017-02-15  |i snk2017/4304  |l 0  |o snkČSB 6330/3/2012 D1  |p 17A1204653  |r 2026-02-21 21:55:31  |t č. 4-6  |w 2026-02-21  |y PREZ 
952 |0 0  |1 0  |4 0  |7 0  |8 0  |a SNK  |b SNK  |d 2017-02-15  |i snk2017/4305  |l 0  |o snkČSB 6330/4/2013  |p 17A1204652  |r 2026-02-21 21:55:34  |t č. 1-6  |w 2026-02-21  |y PREZ 
952 |0 0  |1 0  |4 0  |7 0  |8 0  |a SNK  |b SNK  |d 2017-02-15  |i snk2017/4306  |l 0  |o snkČSB 6330/4/2013 D1  |p 17A1204651  |r 2026-02-21 21:55:34  |t č. 1-6  |w 2026-02-21  |y PREZ 
952 |0 0  |1 0  |4 0  |7 0  |8 0  |a SNK  |b SNK  |d 2017-02-15  |i snk2017/4307  |l 0  |o snkČSB 6330/5/2014  |p 17A1204650  |r 2026-02-21 21:55:34  |t č. 1  |w 2026-02-21  |y PREZ 
952 |0 0  |1 0  |4 0  |7 0  |8 0  |a SNK  |b SNK  |d 2017-02-15  |i snk2017/4309  |l 0  |o snkČSB 6330/5/2014 D1  |p 17A1204649  |r 2026-02-21 21:55:34  |t č. 1  |w 2026-02-21  |y PREZ